1803 1964 1030 1868 1380 1325 1693 1243 1349 1829 1129 1534 1030 1178 1332 1478 1322 1850 1803 1861 1923 1625 1073 1149 1914 1640 1993 1911 1348 1212 1149 1814 1131 1826 1382 1117 1872 1920 1610 1367 1046 1567 1180 1063 1567 1207 1965 1188 1685 1030 1701 1371 1890 1517 1359 1022 1891 1445 1068 1599 1783 1351 1828 1843 1555 1580 1021 1829 1241 1410 1230 1005 1022 1191 1958 1726 1597 1487 1616 1937 1204 1426 1467 1135 1601 1308 1979 1952 1765 1091 1933 1462 1894 1954 1279 1680 1407 1709 1361 BCNSPRNW ULIB Ver.6.0+V

เปลี่ยนเป็นภาษาไทย

Change to English
 แสดงรายละเอียดบรรณานุกรม
  กลับหน้าหลัก

Brief Record : Get Marc (ISO 2709) : E-mail record : QR code < ปิดหน้าต่าง
LEADER : 00000nam 2200000uu 4500
001    13399122083
003     ULIB
008    121225s2554||||th 000 0 tha d
020    ^a9789741114627
060 04 ^aW20.5^bต367
245 00 ^aตำราการวิจัยทางคลินิก =^bTextbook of clinical research /^cจัดพิมพ์โดย คณะเวชศาสตร์เขตร้อน มหาวิทยาลัยมหิดล ; บรรณาธิการ พรรณี ปิติสุทธิธรรม, ชยันต์ พิเชียรสุนทร
246 31 ^aTextbook of clinical research
250    ^aพิมพ์ครั้งที่ 1
260    ^aกรุงเทพฯ :^bอมรินทร์พริ้นติ้งแอนด์พับลิชชิ่ง,^c2554
300    ^a(7), 600 หน้า :^bภาพประกอบ ;^c25 ซม.
500    ^aSend to Single Search
504    ^aมีบรรณานุกรมและดัชนี
505 0  ^a^tภาพรวมและประเด็นการทดสอบทางคลินิก --^tรูปแบบการวิจัยทางคลินิก --^tการเขียนโครงร่างการวิจัยทางคลินิก --^tขนาดกลุ่มตัวอย่างในการวิจัยทางคลินิก --^tการสุ่มตัวอย่างและการปกปิด --^tพื้นฐานสถิติที่ใช้ในการวิจัยทางคลินิก --^tแนวทางการวิจัยทางคลินิกที่ดี --^tจริยธรรมในการวิจัยทางคลินิก --^tการจัดทำแบบแสดงความยินยอม --^tการเก็บรวบรวมข้อมูล --^tการจัดทำเอกสารวิธีและวิธีดำเนินการมาตรฐานงานวิจัย --^tการรายงานความปลอดภัย --^tการกำกับดูแลการวิจัยทางคลินิก --^tการตรวจสอบการวิจัยทางคลินิก --^tการดูแลจัดการเกี่ยวกับตัวอย่างสิ่งส่งตรวจทางห้องปฏิบัติการ --^tวิธีการตรวจวินิจฉัย --^tการบริหารจัดการผลิตภัณฑ์และเครื่องมือที่ใช้ในการวิจัย --^tการวิจัยวัคซีนทางคลินิก --^tการบริหารจัดการข้อมูลในงานวิจัยทางคลินิก --^tกระบวนการวิเคราะห์ข้อมูลและตรวจสอบผลการวิจัย
650  4 ^aการแพทย์^xวิจัย
650  4 ^aวิจัย^xวิธีการ
700 0  ^aพรรณี ปิติสุทธิธรรม,^eบรรณาธิการ
700 0  ^aชยันต์ พิเชียรสุนทร,^eบรรณาธิการ
710 2  ^aมหาวิทยาลัยมหิดล. ^bคณะเวชศาสตร์เขตร้อน
945    ^p450^l0^i033332
945    ^p450^l0^i033333
995    ^a เกษร
999    ^aใช้งานได้ทุกระบบ
รายการนี้ยังไม่มีแท็ก
คุณยังไม่ได้ล็อกอิน คุณสามารถมีกิจกรรมร่วมกับเว็บไซต์ได้ แต่ต้องล็อกอินก่อน ::
  ล็อกอิน

รายการสื่อสารสนเทศ

ลำดับที่ ประเภท เลขเรียก/บาร์โค้ด สถานที่ สถานะ
1. วิทยาศาสตร์การแพทย์ และสุขภาพ
หนังสือสำรอง
สถานะ=หนังสือสำรอง
W20.5 ต367 ฉ.1 
  Barcode: 033332
ห้องสมุดวิทยาเขตสวรรค์ประชารักษ์
►ส่วนจัดเก็บหนังสือเก่า สปร
บนชั้น
  ขอยืม
2. วิทยาศาสตร์การแพทย์ และสุขภาพ
วิทยาศาสตร์การแพทย์ และสุขภาพ
W20.5 ต367 ฉ.2 
  Barcode: 033333
ห้องสมุดวิทยาเขตสวรรค์ประชารักษ์
►ส่วนจัดเก็บหนังสือเก่า สปร
บนชั้น
  ขอยืม

BibComment


ยังไม่เคยถูกคอมเมนท์

คอมเมนท์ทรัพยากรรายการนี้
  คอมเมนท์: ตำราการวิจัยทางค..


 Copyright 2026. Bcnsprnw @Library